| 000 | 00549nam a22001697a 4500 | ||
|---|---|---|---|
| 003 | MACL | ||
| 005 | 20160727123712.0 | ||
| 008 | 160727b xxu||||| |||| 00| 0 eng d | ||
| 040 | _cMACL | ||
| 041 | _aHindi | ||
| 082 | _a891.431 JOS | ||
| 100 |
_aजोशी, सच्चिदानंद _965146 |
||
| 245 |
_aमध्यांतर _cसच्चिदानंद जोशी |
||
| 260 |
_aइलाहाबाद _bवचन पब्लिकेशन्स _c2010 |
||
| 650 |
_aकविता _965460 |
||
| 942 |
_2ddc _cHIN |
||
| 999 |
_c55091 _d55091 |
||